000 00606nam a22001697a 4500
005 20231123125336.0
008 231123b |||||||| |||| 00| 0 eng d
020 _a9781920114947
041 _aEnglish
082 _a341.48 FOR
100 _aFord, J
_lEnglish
245 _aBringing fairness to international justice :
_bA Handbook on the International Criminal Court for defence lawyers in Africa /
_cJ Ford
260 _aPretoria :
_bInstitute for Security Studies,
_c2009
300 _bviii, 83 pages ;
_c23 cm.
650 _aLegal practice
_bLaw
942 _cBK
_6ALISON_BN_VRIES
999 _c898
_d898